Library of the University of Algiers 3
Ibrahim Sultan Cheibout
شعار جامعة الجزائر 3
مكتبة جامعة الجزائر 3
إبراهيم سلطان شيبوط

سياسة التخاصية : (رقم التسجيلة. 45602)

تفاصيل مارك
000 -LEADER
fixed length control field 01309nam a2200229Ia 4500
003 - CONTROL NUMBER IDENTIFIER
control field Ost
005 - DATE AND TIME OF LATEST TRANSACTION
control field 20260507075651.0
008 - FIXED-LENGTH DATA ELEMENTS--GENERAL INFORMATION
fixed length control field 260507s9999||||xx |||||||||||||| ||und||
020 ## - INTERNATIONAL STANDARD BOOK NUMBER
International Standard Book Number 5026169957
040 ## - CATALOGING SOURCE
Transcribing agency fsecg
041 ## - LANGUAGE CODE
Language code of text/sound track or separate title ara
082 ## - DEWEY DECIMAL CLASSIFICATION NUMBER
Classification number 346.56507
100 ## - MAIN ENTRY--PERSONAL NAME
Personal name الزعارير، محمود مصطفى
Relator term مؤلف
245 #0 - TITLE STATEMENT
Title سياسة التخاصية :
Remainder of title دراسة قانونية تطبيقية لخصخصة المشروعات العامة في الأردن ومصر /
Statement of responsibility, etc. محمود مصطفى الزعارير
260 ## - PUBLICATION, DISTRIBUTION, ETC.
Place of publication, distribution, etc. عمان:
Name of publisher, distributor, etc. دار الثقافة للنشر والتوزيع,
Date of publication, distribution, etc. 2004
300 ## - PHYSICAL DESCRIPTION
Extent 269 صفحة؛
Other physical details إيضاحات ؛
Dimensions 24 سم
504 ## - BIBLIOGRAPHY, ETC. NOTE
Bibliography, etc. note المراجع ص.270
520 ## - SUMMARY, ETC.
Summary, etc. التخاصية طبيعة ومفهوم، دوافع وأهداف، معوقات ومشاكل- التطور التاريخي للتخاصية ومقومات نجاحها- التنظيم التشريعي للتخاصية- الاساليب القانونية للتخاصية كوسيلة لإعادة هيكلة الشركات العامة المتعثرة- تجربة تطبيقية لتخاصية شركة عامة.
653 ## - INDEX TERM--UNCONTROLLED
Uncontrolled term الخصخصة -قوانين و تشريعات- مصر
653 ## - INDEX TERM--UNCONTROLLED
Uncontrolled term الخصخصة- قوانين وتشريعات- الأردن
942 ## - ADDED ENTRY ELEMENTS (KOHA)
Koha item type كتب
المقتنيات
Withdrawn status Lost status Source of classification or shelving scheme Damaged status Not for loan Home library Current library Date acquired Serial enumeration / chronology Inventory number Total checkouts Full call number Barcode Date last seen Price effective from Koha item type
    Dewey Decimal Classification   Available مكتبة كلية العلوم الإقتصادية والعلوم التجارية وعلوم التسيير مكتبة كلية العلوم الإقتصادية والعلوم التجارية وعلوم التسيير 07/05/2026 مكتبة بن عكنون 1739/10   أ/1739ن10 1739/10 07/05/2026 07/05/2026 كتب
    Library of Congress Classification   NOT LOAN / إعارة داخلية مكتبة كلية العلوم الإقتصادية والعلوم التجارية وعلوم التسيير مكتبة كلية العلوم الإقتصادية والعلوم التجارية وعلوم التسيير 07/05/2026 الطابق الثاني 025.21/217   أ/1739ن11 025.21/217 07/05/2026 07/05/2026 كتب
    Dewey Decimal Classification   Available مكتبة كلية العلوم الإقتصادية والعلوم التجارية وعلوم التسيير مكتبة كلية العلوم الإقتصادية والعلوم التجارية وعلوم التسيير 07/05/2026 مكتبة بن عكنون 1739/9   أ/1739ن9 1739/9 07/05/2026 07/05/2026 كتب

موارد الويب المفتوحة


© University of Algiers 3 All Rights Reserved
|
Implemented by LECHELAH Riad